000
00201 a2200097 4500
001
20050
100
_a
Russell, B
245
_a
Problem of china
260
_a
_b
Allen & Unwin
_c
090
_c
14644
_d
14644
942
_a
NUST-CAE
_c
M
_c
5163
999
_c
255123
_d
255123